=LDR 00000nam 2200000 4500 =001 INLIS000000000033464 =005 20130612135421 =008 ***********************************ind** =035 ##$$0010-061300000033464 =041 ##$$a ind =082 ##$$a 615.140 1 =090 ##$$a 615.140 1, Sya t =100 ##$$a Syamsuni, A.H =245 ##$$a Ilmu resep, H.A Syamsini; Editor, Ella Elviana =260 ##$$a 2007 $b Jakarta =300 ##$$a xxvii, 358 hlm, 21 cm =650 ##$$a Obat, Resep =700 ##$$a Elviana, Ella =850 ##$$a NBPNMAT =990 ##$$a 21400613/BPAP-NTB/20142014 =990 ##$$a 0001/BPAP-NTB/2015 =990 ##$$a 0001/BPAP-NTB/2016